000 00725cam a2200205 i 4500
005 20251109122950.0
008 250721s2007 jo gr 000 0 ara d
020 _a9957380788
082 1 4 _a155.4
_bغ ر ب
100 1 _aأبو غريبة، إيمان محمد
_eمؤلف.
245 1 2 _aالتطور من الطفولة حتى المراهقة /
_cإيمان محمد أبو غربية.
250 _aالطبعة الأولى.
264 3 1 _aعمان :
_bدار جرير للنشر والتوزيع،
_c2007.
300 _a256 صفحة.
650 1 7 _aسيكولوجية الطفولة.
650 1 7 _aالمراهقون.
650 1 7 _aمراحل التطور.
942 _2ddc
_cBK
999 _c105446
_d105446